| 000 | 00418nam a2200133Ia 4500 | ||
|---|---|---|---|
| 008 | 220216s9999 xx 000 0 und d | ||
| 100 |
_aBerry S T _cet al |
||
| 245 | 0 | _aMolecular marker analysis of Helianthus annuus L. 2. Construction of an RFLP linkage map for cultivated sunflower | |
| 260 |
_bTheoretical and Applied Genetics _c1995 |
||
| 300 | _a195-199 | ||
| 650 | _aLinkage map | ||
| 650 | _aRFLP | ||
| 942 | _cJS | ||
| 999 |
_c63201 _d63201 |
||